| 000 | 01363nam a2200325uu 4500 | ||
|---|---|---|---|
| 001 | 200436913 | ||
| 003 | TR-IsYBT | ||
| 005 | 20240805154956.0 | ||
| 008 | 141224s2011 ge a ger | ||
| 020 | _a9783869362519 | ||
| 040 |
_aTR-AnTOB _beng _erda _cTR-AnTOB _dTR-AnTOB |
||
| 041 | 1 |
_ager _atur |
|
| 050 | 1 | 4 |
_aHC282.5.A2 _bB47 2011 |
| 245 | 0 | 0 |
_aIn bester gesellschaft = _bZirvedekiler / _cgenel yayın yönetmeni : Olaf Salie ; redaksiyon : Christiane Blass, Nicola Henkel ; Türkisch-Deutsche Industrie- und Handelskammer |
| 246 | 3 | 1 | _aZirvedekiler |
| 246 | 1 |
_iSubtitle on cover: _a100 türkische Erfolgsgeschichten aus Wirtschaft und Wissenschaft = Ekonomi ve bilim dünyasından 100 Türk başarı öyküsü |
|
| 264 | 1 |
_aKöln: _bDeutsche Standards ; Türk - Alman Ticaret ve Sanayi Odası, _c2011 |
|
| 300 |
_a334 pages : _bcolor illustrations ; _c28 cm |
||
| 336 |
_2rdacontent _atext _btxt |
||
| 337 |
_2rdamedia _aunmediated _bn |
||
| 338 |
_2rdacarrier _avolume _bnc |
||
| 500 | _aIncludes register. | ||
| 546 | _aText in German and Turkish. | ||
| 650 | 0 |
_aBusinesspeople _zGermany _vBiography _9126503 |
|
| 650 | 0 |
_aTurks _zGermany _vBiography _987100 |
|
| 650 | 0 |
_aSuccess in business _zGermany _vCase studies _996797 |
|
| 710 | 2 |
_aTürkisch-Deutsche Industrie- und Handelskammer _9126504 |
|
| 942 |
_2lcc _cBK |
||
| 999 |
_c200436913 _d55125 |
||